书目信息 |
| 题名: |
美学原理
|
|
| 作者: | 王旭晓 著 | |
| 分册: | ||
| 出版信息: | 上海 上海人民出版社 2000 |
|
| 页数: | 339页 | |
| 开本: | 21cm | |
| 丛书名: | ||
| 单 册: | ||
| 中图分类: | B83-0 , B83 | |
| 科图分类: | ||
| 主题词: | 美学--mei xue--理论 | |
| 电子资源: | ||
| ISBN: | 7-208-03443-5 | |
| 000 | 00619nam0 2200241 45 | |
| 001 | CAL 012000921734 | |
| 005 | 20031219104051.8 | |
| 010 | @a7-208-03443-5@dCNY18.00 | |
| 100 | @a20001226d2000 em y0chiy0121 ea | |
| 101 | 0 | @achi |
| 102 | @aCN@b310000 | |
| 105 | @aa a 000yy | |
| 106 | @ar | |
| 200 | 1 | @a美学原理@Amei xue yuan li@f王旭晓著 |
| 210 | @a上海@c上海人民出版社@d2000 | |
| 215 | @a339页@c图@d21cm | |
| 320 | @a有书目 | |
| 606 | 0 | @a美学@Amei xue@x理论 |
| 690 | @aB83-0@v4 | |
| 690 | @aB83 | |
| 701 | 0 | @a王旭晓@Awang xu xiao@4著 |
| 801 | @aCN@bTSTC@c20011210 | |
| 905 | @b301304-308@dB83@e143@f5 | |
| 美学原理/王旭晓著.-上海:上海人民出版社,2000 |
| 339页:图;21cm |
| ISBN 7-208-03443-5:CNY18.00 |
| ● |
| 相关链接 |
|
|
|
|
正题名:美学原理
索取号:B83/143
 
预约/预借
| 序号 | 登录号 | 条形码 | 馆藏地/架位号 | 状态 | 备注 |
| 1 | 0301304 | 203013041 | 第一借阅区/ [索取号:B83/143] | 在馆 | |
| 2 | 0301305 | 203013050 | 第一借阅区/ [索取号:B83/143] | 在馆 | |
| 3 | 0301306 | 203013069 | 第一借阅区/ [索取号:B83/143] | 在馆 | |
| 4 | 0301307 | 203013078 | 密集书库/ [索取号:B83/143] | 在馆 | |
| 5 | 0301308 | 203013087 | 第一样本阅览室/ [索取号:B83/143] | 在馆 | |
| 6 | 0307247 | 203072478 | 密集书库/ [索取号:B83/143] | 在馆 | |
| 7 | 0307248 | 203072487 | 密集书库/ [索取号:B83/143] | 在馆 | |
| 8 | 0307249 | 203072496 | 第一借阅区/ [索取号:B83/143] | 在馆 | |
| 9 | 0307250 | 203072502 | 密集书库/ [索取号:B83/143] | 在馆 | |
| 10 | 0307251 | 203072511 | 密集书库/ [索取号:B83/143] | 在馆 |